000 01020cab a2200253 4500
001 ABS68414
008 041115n2004 000 0 eng u
035 _a(Sirsi) u127954
100 _aPalmer, T.
245 _aEco-economics
260 _c2004
490 _aHouse Builder
_v63(10) November 2004, 48-50(3)
520 _aExamines the impact on house builders of the government drive to raise the sustainability standards on new housing and whether the house purchaser is prepared to pay a premium for advanced eco-friendly features in new housing. Refers to BRE's voluntary construction benchmark EcoHomes and its "Sustainability checklist for developers".
590 _aABS
650 _aCARBON EMISSIONS
650 _aECOHOMES
650 _aCONSTRUCTION BENCHMARKS
650 _aENERGY-EFFICIENCY
650 _aWATER EFFICIENCY
650 _aCODE FOR SUSTAINABLE BUILDINGS
650 _aSUSTAINABLE AND SECURE BUILDINGS ACT 2004
690 _aBUILT ENVIRONMENT-SUSTAINABLE CONSTRUCTION
942 _n0
999 _c74599
_d74599